000 00453nam a2200157Ia 4500
008 240729s9999 xx 000 0 und d
022 _a2589-9449
245 0 _aGlobal Journal on Quality and Safety in Healthcare
260 _aUnited States
260 _bInnovative Healthcare Institute
650 _a Medicine (General)
650 _aMedicine
856 _uhttps://doaj.org/toc/9979dcb2a4104935a11065f0b26b986c
942 _2ddc
942 _cDOAJEJ
999 _c68529
_d68529
945 _a1
_bMadushi Gamage
_c1
_dMadushi Gamage